| 000 | 02609nam a2200409Ii 4500 | ||
|---|---|---|---|
| 001 | ocn1096222133 | ||
| 003 | EG-ScBUE | ||
| 005 | 20211216152050.0 | ||
| 008 | 190411t2020 caua f 000 0 eng d | ||
| 020 | _a9781943532346 | ||
| 035 | _a(OCoLC)ocn1096222133 | ||
| 035 | _a(OCoLC)1096222133 | ||
| 035 | _a(YBP)16149946 | ||
| 040 |
_aYDX _beng _erda _cYDX _dBDX _dERASA _dOCLCQ _dUAB _dOCLCF _dYDXIT _dEG-ScBUE |
||
| 043 |
_aa-si--- _aa------ |
||
| 082 | 0 | 4 |
_a747.095957 _bDES _222 |
| 110 | 2 |
_aDP Architects Pte Ltd, _eauthor. |
|
| 245 | 1 | 0 |
_aDesigning change / _cDP Design ; text, Mike Lim, Belle Chung & Win Le Htun. |
| 250 | _aFirst edition. | ||
| 264 | 1 |
_a[San Francisco] : _bORO Editions, _c[2020] |
|
| 264 | 4 | _c©2020 | |
| 300 |
_a249 pages : _billustrations (chiefly color) ; _c35 cm |
||
| 336 |
_atext _btxt _2rdacontent |
||
| 336 |
_astill image _bsti _2rdacontent |
||
| 337 |
_aunmediated _bn _2rdamedia |
||
| 338 |
_avolume _bnc _2rdacarrier |
||
| 520 | 8 | _aDesigning Change' is the second volume by DP Design (DPD), following 'Designing Spaces'. While the first volume was an illustration of DPD's expertise in dealing with various types of spaces and uses, Designing Change is an insight into the design thought that guides and inspires the creative approach behind its latest body of works across a variety of building types and scale. 'Designing Change' is a visual discourse into the creative psyche of the interior-architects at DPD. It explores and illustrates how designing an interior space goes beyond a direct, strategic response to a building's intrinsic architectural form to examine and embody the evolving relationship between man and built environment. Recognizing that change is the only constant in an ever-progressing world, the book aims to simultaneously rethink design and inspire new paradigm in our design approach and perspective on space. Drawing on over 30 years of experience in the interior design, space planning and project management industry, DPD combines design concepts and short stories with imagery and illustrations to provide an in-depth look at the fundamentals and perceptions of interior spaces so as to relook the practice of interior design today. | |
| 610 | 2 | 7 |
_aDP Architects Pte Ltd _vPictorial works. |
| 650 | 7 |
_aInterior decoration _zSingapore. _2BUEsh _941532 |
|
| 650 | 7 |
_aArchitectural firms _zAsia. _2BUEsh |
|
| 653 |
_bART _cDecember2021 |
||
| 655 | 7 |
_aPictorial works _2fast _0(OCoLC)fst01423874 _vReading book |
|
| 700 | 1 |
_aLim, Mike, _eauthor. |
|
| 700 | 1 |
_aChung, Belle, _eauthor. |
|
| 700 | 1 |
_aHtun, Win Le, _eauthor. |
|
| 942 |
_2ddc _cBB |
||
| 999 |
_c29725 _d29696 |
||